| 000 | 00626 a2200205 4500 | ||
|---|---|---|---|
| 005 | 20250205142225.0 | ||
| 020 | _a9781839702556 | ||
| 050 |
_aKJC 4120 _bMOL 2022 |
||
| 100 |
_aMol, Charlotte _eauthor |
||
| 245 |
_aThe Child's right to participate in family law proceedings : _cRepresented.Heard or Silenced |
||
| 264 |
_aUnited Kingdom : _bIntersentia, _c2022 |
||
| 300 | _a435 pages | ||
| 336 |
_2rdacontent _atext _btxt |
||
| 337 |
_2rdamedia _aunmediated _bn |
||
| 338 |
_2rdacarrier _avolume _bnc |
||
| 500 | _aincludes index | ||
| 650 | _aChild's rights | ||
| 650 | _aLaw proceedings | ||
| 942 |
_2lcc _cBK _h4120 _iMOL _kKJC |
||
| 999 |
_c11460 _d11460 |
||